El Problema agrario nacional. El Señor presidente de la República declara sobre la situación actual y futura de nuestra agricultura
Сохранить в:
| Главный автор: | |
|---|---|
| Формат: | Текст |
| Опубликовано: |
s.n.t. :
|
| Метки: |
Добавить метку
Нет меток, Требуется 1-ая метка записи!
|
MARC
| LEADER | 00000 a a2200000 04500 | ||
|---|---|---|---|
| 001 | 17654 | ||
| 003 | |||
| 040 | |||
| 090 | |a 006500 | ||
| 100 | |a Oduber Quirós, Daniel | ||
| 245 | |a El Problema agrario nacional. El Señor presidente de la República declara sobre la situación actual y futura de nuestra agricultura | ||
| 260 | |a s.n.t. : | ||
| 300 | |a 3 p. | ||
| 999 | |c 13537 |d 13537 | ||
